| 000 | nam a22 4500 | ||
|---|---|---|---|
| 999 |
_c29260 _d29260 |
||
| 008 | 171124b xxu||||| |||| 00| 0 eng d | ||
| 020 | _a9780974445502 | ||
| 050 | _aLC 4718 .S54 2007 | ||
| 100 | _aSherman, David A | ||
| 245 |
_aAutism : _basserting your child's right to a special education / _cDavid A. Sherman |
||
| 260 |
_a[Place of publication not identified] : _b[publisher not identified], _c©2007 |
||
| 300 |
_a356 pages : _b ill, forms ; _c 28 cm. |
||
| 500 | _aIncludes index. | ||
| 650 |
_aAutistic children _vEducation _xLegal status, laws, etc. |
||
| 650 |
_aSpecial education _vLaw and legislation. |
||
| 942 |
_2lcc _cBOOKS _hLC 4718 .S54 2007 _01 |
||